000
00242nam a2200097Ia 4500
008
230508s1994 xx 000 0 und d
041
_a
eng
100
_a
SHARMA D.K.
245
_a
BASIC ELECTRICAL ENGG. & ELECT.
260
_b
C.B.S. PUBLI.
_c
1994
999
_c
323602
_d
323602